000 00491nam a2200205Ia 4500
003 OSt
005 20140403135402.0
008 140130s9999 xx 000 0 und d
020 _a0590135724
050 _aPZ 7
_b.H1828Ho 1968
100 _aHamilton, Virginia
245 _cVirginia Hamilton.
_aThe house of dies dear /
260 _bScholastic,
_c1968.
_aUSA :
300 _a278 p. :
_c17 cm.
440 _v1
521 _aG4
526 _c670
942 _cBK
_2lcc
999 _c40936
_d40936